000 00558nam a2200181Ia 4500
008 140626s9999 xx 000 0 und d
100 _aSutherland, Melissa.
245 _aSafer sex and partner violence in a sample of women /
_cMelissa Sutherland ... [et al.].
260 _cc2012.
300 _a8 : 9, page 717
440 _aThe Journal for Nurse Practitioners (JNP)
521 _aNUR
650 _aIntimate, partner violence.
650 _aSafer sexual practices.
650 _aSexual risk behaviors.
650 _aWomen's health.
942 _cSE
999 _c121444
_d121444